Normal view MARC view

Entry Término temático

Number of records used in: 3

001 - NÚMERO DE CONTROL

  • campo de control: 2460

003 - IDENTIFICADOR DE NÚMERO DE CONTROL

  • campo de control: OSt

005 - FECHA Y HORA DE LA ÚLTIMA TRANSACCIÓN

  • campo de control: 20221005154934.0

008 - ELEMENTOS DE DATO DE LONGITUD-FIJA

  • campo de control de longitud fija: 221005|| aca||aabn | a|a d

040 ## - FUENTE DE CATALOGACIÓN

  • Centro catalogador/agencia de origen: OSt
  • Centro/agencia transcriptor: OSt

150 ## - ENCABEZAMIENTO--TÉRMINO DE MATERIA

  • Término de materia o nombre geográfico como elemento de entrada: CSIF

670 ## - FUENTE DE DATOS ENCONTRADOS

  • Cita de la fuente: Work cat.: (OSt)1416: CANARIAS. Tribunal Superior de Justicia Sala de lo Contencioso Administrativo Santa Cruz de Tenerife 2456, Sentencia dictada el 24 de mayo de 1992 por el Tribunal Superior de Justicia de Canarias en relación con la convocatoria de huelga propuesta por los sindicatos CCOO, UGT, USO, CANC, SOC, STEC y CSIF, 1992

Powered by Koha